| 000 | 01048nam a2200253 i 4500 | ||
|---|---|---|---|
| 001 | C00045062c | ||
| 005 | 20241029145624.0 | ||
| 008 | 020517s1999 sp a c 001 0 spa d | ||
| 020 | _a84-89512-54-X | ||
| 080 | _a912(469):061.22(460.27 M.) Historia (083.83) | ||
| 110 | 2 |
_aReal Academia de la Historia (España). _bDepartamento de Cartografía y Artes Gráficas. _975779 |
|
| 245 | 1 | 0 |
_aCartografía Histórica Portuguesa, catálogo de manuscritos (siglos XVII-XVIII) / _cCarmen Manso Porto. |
| 260 |
_aMadrid : _bReal Academia de la Historia. Departamento de Cartografía y Bellas Arte, _c1999. |
||
| 300 |
_a166 p. : _bil. ; _c30 cm. |
||
| 500 | _aBibliografía. | ||
| 500 | _aÍndices. | ||
| 610 | 2 |
_aReal Academia de la Historia (España). _bBiblioteca- _vCatálogos. _991187 |
|
| 650 | 4 |
_aMapas- _zPortugal. _993550 |
|
| 700 | 1 |
_aManso Porto, Carmen. _925584 |
|
| 710 | 2 |
_aReal Academia de la Historia (España). _bDepartamento de Cartografía y Artes Gráficas. _975779 |
|
| 852 | 4 | 2 | _jH-1393 |
| 999 |
_c44080 _d44080 |
||